[Event "GER-ch 70th"]
[Site "Bremen"]
[Date "1998.11.10"]
[Round "5"]
[White "Gutman, Lev"]
[Black "Hertneck, Gerald"]
[Result "0-1"]
[WhiteElo "2480"]
[BlackElo "2555"]
[Annotator "Hertneck,G"]
[PlyCount "106"]
[EventDate "1998.11.06"]
[EventType "swiss"]
[EventRounds "9"]
[EventCountry "GER"]
[SourceTitle "CBM 068"]
[Source "ChessBase"]
[SourceDate "1999.02.01"]
[SourceVersion "1"]
[SourceVersionDate "1999.02.01"]
[SourceQuality "1"]

{[%mdl 1]} 1. Nf3 g6 2. g3 Bg7 3. d4 f5 4. c3 Nf6 5. Qb3 e6 6. Bg2 O-O 7. O-O
Nc6 8. Nbd2 $6 (8. Bf4) (8. Na3) 8... d5 $1 {Da Weiß das Feld e5 nicht mehr
vernünftig kontrollieren kann} 9. Ne1 g5 $5 10. Nd3 h6 11. Nf3 Nd7 $1 12. Qc2
b6 13. b3 Bb7 14. Ba3 Rf7 15. Rad1 {Droht, mit e3 und c4 aktiv zu werden} a5
16. e3 a4 $5 {In der Annahme, daß bxa4 wegen Sa5 keine Drohung ist} 17. Bb2 a3
{Sehr verpflichtend, da der Bauer spätestens im Endspiel leicht schwach werden
kann} 18. Bc1 (18. Ba1 b5 19. c4 bxc4 20. bxc4 Na5) 18... g4 19. Nd2 Nf6 20. c4
Ne4 (20... Qd7) 21. Nxe4 fxe4 22. Nf4 Rxf4 $5 (22... Qd7 23. Qe2) 23. exf4 $2 (
23. gxf4 Nb4 24. Qe2 Qh4 {Mit der Idee Ta8-f8-f5-h5. Weiß hat jedoch genug
Zeit, die Drohung zu parieren, sodaß das schwarze Opfer als fragwürdig
angesehen werden muß}) 23... Nxd4 24. Rxd4 Bxd4 25. Qd1 Bg7 26. Qxg4 Qf6 27.
Bh3 Bc8 28. cxd5 $2 {Lenkt freiwillig in ein schlechteres Endspiel über} exd5
29. Qh5 Qf7 $1 30. Qxf7+ Kxf7 31. Bxc8 Rxc8 32. f3 exf3 33. Rxf3 Re8 34. Kf1
Bb2 35. Bd2 c5 36. g4 b5 37. f5 Re4 38. h3 Bg7 39. Rd3 d4 40. Kf2 Kf6 41. Kf3
Ke5 42. b4 c4 43. Rxa3 c3 44. Bc1 (44. Rxc3 dxc3 45. Bxc3+ Rd4 46. h4 Bf6 $1
47. Ke3 Kd5 48. Bxd4 Bxd4+ 49. Kf4 Be5+ 50. Kf3 Bf6 $17) 44... Re1 45. Bf4+ Kd5
46. Ra7 Rf1+ 47. Ke2 Rxf4 48. Rxg7 Re4+ 49. Kd3 Re3+ 50. Kc2 Re2+ 51. Kb3 Rb2+
52. Ka3 Rb1 53. Rc7 d3 (53... d3 54. f6 c2 55. f7 d2 56. Rxc2 d1=Q 57. f8=Q
Qd3+) 0-1

[Event "Vaujany op 5th"]
[Site "Vaujany"]
[Date "2014.07.16"]
[Round "7.6"]
[White "Joie, Sebastien"]
[Black "Horvath, Jozsef"]
[Result "0-1"]
[WhiteElo "2361"]
[BlackElo "2509"]
[Annotator "Horvath,J"]
[PlyCount "66"]
[EventDate "2014.07.10"]
[EventType "swiss"]
[EventRounds "9"]
[EventCountry "FRA"]
[SourceTitle "EXT 2017"]
[Source "ChessBase"]
[SourceDate "2016.10.25"]
[SourceVersion "1"]
[SourceVersionDate "2016.10.25"]
[SourceQuality "1"]

1. Nf3 g6 2. g3 Bg7 3. d4 f5 4. Bg2 Nf6 5. O-O O-O 6. b3 d6 7. Bb2 c6 8. Nbd2
Na6 9. Ne1 e5 10. dxe5 Ng4 11. Nc4 d5 12. Nd6 Qe7 $146 (12... Nxe5 13. Bxe5
Bxe5 14. Bxd5+) (12... Be6 13. Nd3 b6 14. c4 Nxe5 15. Bxe5 Bxe5 16. Nxe5 Qxd6
17. Nxc6 {1-0 (17) Konopka,M (2450)-Kreiser,U (2155) Plzen 2000}) 13. Nxc8
Raxc8 14. Nd3 Rfd8 (14... Nxe5 15. Nxe5 Bxe5 16. Bxd5+) 15. e3 (15. f4 Ne3 16.
Qd2 Nxf1 17. Rxf1 $44) 15... Nxe5 16. Nxe5 Bxe5 17. Bxe5 Qxe5 18. Qd4 $11 Qxd4
(18... Qb8 19. h4) 19. exd4 Re8 20. c3 Nc7 21. c4 $6 (21. Bf3) 21... Rcd8 22.
c5 (22. Rfd1 Re2) 22... Re2 23. Bf3 Rb2 24. Rfb1 Rxb1+ 25. Rxb1 Re8 26. Kf1 Kf7
27. a4 $2 Ne6 28. Rd1 a5 $1 29. Rd3 Kf6 30. Bd1 Rb8 31. Ke1 b6 32. cxb6 Rxb6
33. Kd2 Rb4 (33... Rb4 34. Kc3 c5 35. dxc5 d4+ 36. Kd2 Nxc5 37. Rf3 Ke5) 0-1

[Event "DEN-ch"]
[Site "Denmark"]
[Date "1996.??.??"]
[Round "2"]
[White "Hansen, Lars Bo"]
[Black "Kristiansen, Jens"]
[Result "1/2-1/2"]
[WhiteElo "2565"]
[BlackElo "2440"]
[Annotator "Johnson,M"]
[PlyCount "111"]
[EventDate "1996.??.??"]
[EventType "tourn"]
[EventRounds "9"]
[EventCountry "DEN"]
[EventCategory "9"]
[SourceTitle "CBM 053"]
[Source "ChessBase"]
[SourceDate "1996.08.01"]
[SourceVersion "1"]
[SourceVersionDate "1996.08.01"]
[SourceQuality "1"]

1. Nf3 f5 2. b3 d6 3. d4 Nf6 4. g3 g6 5. Bg2 Bg7 6. Bb2 O-O 7. c4 c6 8. Nbd2
Kh8 9. Qc2 (9. O-O) 9... d5 $5 10. O-O Be6 11. Ne5 Nbd7 12. Nd3 Ne4 13. Rac1
Rc8 14. Nf3 (14. f3 $2 Nxd2 15. Qxd2 dxc4 16. bxc4 Nb6 $17) 14... Bf7 (14...
dxc4 15. bxc4 Nb6 16. Nfe5 $14) 15. c5 $5 g5 $5 16. Nfe5 e6 17. f3 Nef6 18. Qd2
(18. e4 $6 Nxe5 (18... fxe4 $2 19. fxe4 dxe4 20. Bxe4 $1 $14) 19. Nxe5 f4)
18... h6 19. Rcd1 Nxe5 20. Nxe5 Nd7 21. Nd3 Bg6 22. Rf2 Qe7 (22... f4 23. gxf4
Bxd3 24. exd3 $1 gxf4 25. Re1 $14) 23. f4 Bh5 24. Bf3 Bxf3 25. exf3 (25. Rxf3
g4 26. Rf2 h5 27. b4 h4 $36) 25... Rf7 26. Re2 Nf8 27. Bc3 Bf6 28. Qb2 Rg7 29.
b4 g4 30. fxg4 Rxg4 31. Rg2 Qg7 32. Qf2 h5 33. h3 Rg6 34. h4 Rc7 35. Kh1 Qg8
36. Rdg1 Rcg7 37. Ne1 Rg4 38. Nf3 Kh7 39. Be1 Qf7 40. Qe2 Kh6 41. Bf2 Rg8 42.
Ng5 Bxg5 43. hxg5+ Kh7 44. Rh2 Rh8 45. Rb1 a6 46. a4 Kg8 47. b5 axb5 48. axb5
cxb5 49. Rxb5 Qc7 50. Rb6 h4 51. gxh4 Qxf4 52. Rxe6 Nxe6 53. Qxe6+ Kg7 54. Qf6+
Kg8 55. Qe6+ Kg7 56. Qf6+ 1/2-1/2

[Event "Kottnauer Memorial"]
[Site "Prague"]
[Date "1996.??.??"]
[Round "7"]
[White "Stohl, Igor"]
[Black "Hort, Vlastimil"]
[Result "1-0"]
[WhiteElo "2515"]
[BlackElo "2550"]
[Annotator "Johnson,M"]
[PlyCount "111"]
[EventDate "1996.06.??"]
[EventType "tourn"]
[EventRounds "10"]
[EventCountry "CSR"]
[EventCategory "12"]
[SourceTitle "CBM 054"]
[Source "ChessBase"]
[SourceDate "1996.10.01"]
[SourceVersion "1"]
[SourceVersionDate "1996.10.01"]
[SourceQuality "1"]

1. d4 {Hecht} f5 2. g3 Nf6 3. Bg2 d6 {3...c6 is more flexible, retaining the
option of ...d6 or ...d5} 4. Nf3 g6 5. b3 Bg7 6. Bb2 O-O 7. c4 c6 8. Qc2 (8.
Nbd2 e5 9. dxe5 Ng4 10. Qc2 Nxe5 11. Rd1 Qe7 12. O-O Nbd7 13. Ba3 Nf7 14. Rfe1
Nc5 15. e3 a5 16. Nd4 Ne5 17. N2f3 Nxf3+ 18. Bxf3 Bd7 19. Ne2 Rfd8 20. Rd2 Be8
21. Red1 Bf7 22. Nc3 Qc7 {Gerusel,M-Mueller,H/BL 1985)1-0(59)}) 8... Kh8 9. O-O
Be6 10. Nbd2 d5 {transposing to the "Leningrad Stonewall" variation a tempo
behind (see note to Black's 3rd move)} 11. Ne5 Nbd7 12. Nd3 Bg8 (12... Ne4 13.
Rac1 Rc8 14. Nf3 Bf7 15. c5 g5 16. Nfe5 e6 17. f3 Nef6 18. Qd2 h6 19. Rcd1 Nxe5
20. Nxe5 Nd7 21. Nd3 Bg6 22. Rf2 Qe7 23. f4 Bh5 24. Bf3 Bxf3 25. exf3 Rf7 26.
Re2 Nf8 27. Bc3 {Hansen,LB-Kristiansen,J/Denmark ch(2)1996/1/2-1/2 (56)}) 13.
Nf3 Ne4 14. Nfe5 Nxe5 15. Nxe5 Qd6 $6 {The black queen is not well placed on
d6, 15...Qe8 with a later ...g5 and kingside counterplay in mind may be better}
16. Rac1 Rad8 17. Rfd1 a6 {an indication that Black has nothing to do. He has
a passive position with no counterplay} 18. e3 Ng5 19. Nd3 $1 {aiming to
exploit the weakening caused by 17...a6} Ne4 {and now by a series of exchanges
White manages to expose Black's weakened queenside} 20. cxd5 Bxd5 21. Nc5 Nxc5
22. dxc5 Qe6 23. Bxd5 cxd5 (23... Rxd5 24. Rxd5 Qxd5 25. Rd1 Qe6 26. Bxg7+ Kxg7
27. Qc3+ Kg8 (27... Qf6 28. Qb4 $16) 28. Qd4 $16) 24. c6 bxc6 (24... b5 25. c7
Rc8 26. Bxg7+ Kxg7 27. Qc6 $19) 25. Qxc6 Rd6 26. Bxg7+ Kxg7 27. Qc3+ Qf6 (27...
Kg8 28. Qd4 {/\ 29.Rc5}) 28. f4 Rb8 29. Qd4 Rb5 30. Rc7 Kf7 31. Kf2 Rdb6 32.
Qxf6+ Kxf6 33. Rdc1 Rd6 34. R1c6 Ke6 35. Ke2 a5 36. Rxd6+ Kxd6 37. Ra7 e6 38.
Kd3 h6 39. h4 h5 40. Kd4 {zugswang!} Rb4+ 41. Kc3 Re4 (41... Rb5 42. a4 Rc5+
43. Kd4 Rc1 44. Ra6+ Kd7 45. Rxa5 Rd1+ 46. Kc3 Rg1 47. b4 Rxg3 48. Kd4 Rh3 49.
b5 Rxh4 50. Kc5 Rh1 51. Ra7+ Kc8 52. a5 $18) 42. Kd3 d4 43. exd4 Re1 44. Ra6+
Kd7 45. Rxa5 Rg1 46. Kc4 Rxg3 47. Ra7+ Kd8 (47... Kd6 48. Ra6+ Kd7 49. d5 $1
exd5+ 50. Kxd5 $18) 48. b4 Rg4 49. b5 Rxf4 50. Kc5 Rxh4 51. b6 Rh2 52. a4 Rc2+
53. Kd6 Kc8 54. Rc7+ Rxc7 55. bxc7 {Hecht: Freibauernrennen, Zwischenzug,
Verstellung} h4 56. d5 $1 (56. d5 $1 exd5 (56... h3 57. dxe6 h2 58. e7 h1=Q 59.
e8=Q+ $18) 57. a5 h3 58. a6 h2 59. a7 h1=Q 60. a8=Q#) 1-0

[Event "Meisdorf op"]
[Site "Meisdorf"]
[Date "1996.04.13"]
[Round "6"]
[White "Arbakov, Valentin"]
[Black "Kalinitschew, Sergey"]
[Result "1-0"]
[WhiteElo "2455"]
[BlackElo "2505"]
[Annotator "Kalinitschew,S"]
[PlyCount "107"]
[EventDate "1996.04.10"]
[EventType "swiss"]
[EventRounds "7"]
[EventCountry "GER"]
[SourceTitle "EXT 1999"]
[Source "ChessBase"]
[SourceDate "1998.11.16"]
[SourceVersion "1"]
[SourceVersionDate "1998.11.16"]
[SourceQuality "1"]

1. d4 f5 2. g3 Nf6 3. Bg2 g6 4. b3 Bg7 5. Bb2 O-O 6. Nd2 d6 7. Ngf3 Nc6 8. O-O
Qe8 9. Nc4 Be6 (9... e6 10. a4 Bd7 11. e3 Rd8 12. Qe1 Ne4 13. Nfd2 d5 14. Nxe4
fxe4 15. Na5 {1/2-1/2 Hug,W-Vyzmanavin,A/Gelsenkirchen 1991/CBM 025 (15)}) 10.
Ng5 Bd7 11. d5 Nd8 12. a4 h6 13. Nh3 e5 14. dxe6 Bxe6 15. Nf4 Bf7 16. e3 Rb8
17. Re1 $5 Ne6 18. Nd5 Nxd5 19. Bxg7 Nxe3 $5 (19... Nxg7 20. Bxd5 Bxd5 21.
Qxd5+ Qe6 22. Qd4 $14) 20. Nxe3 (20. Rxe3 Kxg7 21. Qd2 Bg8 22. Rae1 Rf6) 20...
Kxg7 21. Nd5 Qd8 22. Qd2 Bg8 23. Rad1 c6 24. Nf4 Nxf4 25. Qxf4 Rf6 26. h4 Qd7
27. Re3 a6 $6 (27... a5) 28. Rde1 Be6 29. c4 Re8 30. Rd1 Bf7 31. Red3 Ree6 32.
a5 $1 $44 Qe7 33. Qd2 Kh7 34. Bf3 Kg7 $138 35. Kg2 Bg8 36. b4 Bf7 37. Qb2 $6 g5
38. hxg5 hxg5 39. Kf1 g4 40. Bg2 Re5 41. Qc3 Kf8 42. Rd4 Rfe6 43. Kg1 Re1+ 44.
Bf1 Rxd1 45. Rxd1 Qf6 46. Qd2 Re4 (46... Qe5 $5) 47. b5 $1 Bxc4 48. bxc6 bxc6
$8 49. Bg2 Re5 $2 (49... d5 50. Bxe4 fxe4 51. Kh2 $5 Bb5 52. Rh1 c5 53. Kg1 d4
54. Qc1 (54. Rh6 Qe5) 54... c4 55. Rh4 e3 $5 56. fxe3 Qf3 57. Qf1 Qxf1+ 58.
Kxf1 c3+ 59. Ke1 d3 60. Rxg4) 50. Qb4 $1 Bb5 $2 (50... Bd5) 51. Rxd6 Qe7 52.
Qd2 $1 $18 Ke8 53. Qh6 c5 54. Qg6+ 1-0

[Event "Porz op 26th"]
[Site "Cologne"]
[Date "1991.08.17"]
[Round "8"]
[White "Christiansen, Larry Mark"]
[Black "Kalinitschew, Sergey"]
[Result "1-0"]
[WhiteElo "2590"]
[BlackElo "2430"]
[Annotator "Kalinitschew,S"]
[PlyCount "43"]
[EventDate "1991.08.10"]
[EventType "swiss"]
[EventRounds "9"]
[EventCountry "GER"]
[SourceTitle "EXT 1997"]
[Source "ChessBase"]
[SourceDate "1996.11.15"]
[SourceVersion "1"]
[SourceVersionDate "1996.11.15"]
[SourceQuality "1"]

1. d4 f5 2. g3 Nf6 3. Bg2 g6 4. Nh3 Bg7 5. Nc3 d6 (5... d5 $14) 6. Bg5 c6 7.
Qd2 h6 $2 (7... e5 8. O-O-O (8. d5 h6) 8... exd4 9. Qxd4 d5) 8. Bxf6 Bxf6 9.
Nf4 Kf7 $2 (9... g5 10. Nh5 e5) 10. d5 $1 $16 Qa5 11. e4 Na6 12. O-O Nc5 13.
exf5 Bxf5 14. Rfe1 $1 Rac8 15. Re3 Na4 16. Rae1 Nxb2 17. Qe2 $1 Rhe8 (17...
Bxc3 18. Rxe7+ Kg8 19. g4) 18. Be4 $1 e5 19. Bxf5 gxf5 20. Qh5+ Kg8 21. Qg6+
Bg7 22. Ne6 {1.52-1.47} 1-0

[Event "Wch U16"]
[Site "Yerevan"]
[Date "1997.09.30"]
[Round "9"]
[White "Bunzmann, Dimitrij"]
[Black "Vallejo Pons, Francisco"]
[Result "1-0"]
[WhiteElo "2370"]
[BlackElo "2415"]
[Annotator "Kalinitschew,S"]
[PlyCount "71"]
[EventDate "1997.09.21"]
[EventType "swiss"]
[EventRounds "11"]
[EventCountry "ARM"]
[SourceTitle "EXT 2008"]
[Source "ChessBase"]
[SourceDate "2007.11.25"]
[SourceVersion "1"]
[SourceVersionDate "2007.11.25"]
[SourceQuality "1"]

1. d4 f5 2. g3 Nf6 3. Bg2 g6 4. Nh3 Bg7 5. c3 (5. Nf4 Nc6 $1 (5... O-O 6. h4 {
ist für Schwarz unangenehm.}) 6. h4 e5 7. dxe5 Nxe5 8. h5 c6 {[%cal Gd7d5] mit
sorgenfreiem Spiel für Schwarz.}) 5... c6 ({Meist wurde hier} 5... Nc6 {
gespielt} 6. Qb3 (6. Nf4 e5 7. dxe5 Nxe5 8. Qb3 c6 $11 {[%cal Gd7d5]}) (6. Nd2
O-O (6... e5 $6 7. d5 Ne7 8. d6 $1) 7. b4 $5 {kommt in Betracht}) 6... e6 (6...
e5 $5 7. Bxc6 dxc6 8. dxe5 Ne4 $44 {1/2-1/2 Flear,G-Kristensen,B/Hastings 1989/
}) 7. Nd2 d5 8. Nf3 Ne4 9. Nf4 O-O 10. h4 b6 11. Nd3 Bb7 12. Bf4 $13) 6. Nd2
Na6 (6... O-O 7. Nf4 d5 8. Nf3 Ne4 9. h4 $14) 7. Qb3 Nc7 8. Nf3 (8. Nf4 $5 d6
9. Nd3 e6 10. O-O O-O 11. a4 $14 (11. e4 fxe4 12. Nxe4 Nxe4 13. Bxe4 Nd5 $11))
8... d6 9. Nf4 e6 $146 (9... Ne4 10. Nd3 a5 11. a4 Be6 12. Qb6 Qc8 13. Nf4 Bc4
14. Nd2 Ra6 15. Nxc4 Rxb6 16. Nxb6 Qd8 17. Nc4 e5 18. dxe5 dxe5 19. Nd3 Qd5 20.
Nd2 O-O 21. O-O Ne8 22. Nxe4 fxe4 23. Be3 Nd6 24. Nc5 Qc4 25. b3 Qxe2 26. Rfe1
Qg4 27. Rad1 Rd8 28. h3 Qf5 29. Nxe4 Nf7 30. g4 Qe6 31. Rxd8+ Nxd8 32. Rd1 Nf7
33. Nc5 Qc8 34. Bf1 b6 35. Ne4 Qc7 36. Bc4 Kf8 37. b4 axb4 38. cxb4 h6 39. a5
bxa5 40. Bc5+ {1-0 Berend,F-Quinn,M/Yerevan ol (Men) 1996/}) 10. O-O Qe7 11.
Nd3 O-O 12. Re1 Kh8 $2 (12... Ne4) 13. Bg5 $1 {Danach erhält Weiß eine
gefährliche Initiative.} h6 14. Bxf6 Qxf6 15. e4 {[%csl Re5][%cal Ge4e5]} Qd8 (
15... fxe4 16. Rxe4 Nd5 17. c4 $1 (17. Qa3 Qd8 18. Rae1 b5 {ist wenige
überzuegend.}) 17... Ne7 18. c5 $16) 16. Nf4 Kh7 17. exf5 exf5 (17... gxf5 18.
Re2 $16) 18. Re2 $16 Rb8 19. Rae1 Bf6 20. h4 Kg7 21. Nd2 $1 (21. h5 g5 22. Ng6
Re8) 21... Bd7 22. Qb4 g5 (22... Be8 23. Nc4 $18) 23. hxg5 hxg5 24. Nh5+ Kg6
25. Bf3 $1 Nb5 (25... c5 26. dxc5 Na6 27. Qc4 dxc5 28. Nxf6 Rxf6 29. Re7 $18) (
25... g4 26. Nf4+ Kh6 27. Bg2 d5 28. c4 $1 Bxd4 29. Nb3 Bf6 30. cxd5 $16) 26.
a4 a5 27. Qb3 Nc7 28. Qa3 g4 $2 (28... d5 29. Nb3 (29. Qd6 Bc8 30. Qc5 $16)
29... b6 30. Nc1 $16 {[%cal Gc1d3]}) 29. Nf4+ Kg7 30. Qxd6 $1 Rf7 (30... Ne8
31. Re7+ $18) (30... gxf3 31. Re7+ Rf7 32. Nh5+ Kg6 33. Nxf6 $18) 31. Bg2 Bc8
32. Qc5 Bd7 33. Nc4 Kg8 34. Ne5 Rh7 35. Neg6 Be8 $2 36. Qf8# {1.50-2.00} 1-0

[Event "Drury Lane"]
[Site "London"]
[Date "1997.06.19"]
[Round "4"]
[White "Parker, Jonathan"]
[Black "McDonald, Neil R"]
[Result "0-1"]
[WhiteElo "2495"]
[BlackElo "2490"]
[Annotator "King,D"]
[PlyCount "182"]
[EventDate "1997.06.16"]
[EventType "tourn"]
[EventRounds "9"]
[EventCountry "ENG"]
[EventCategory "10"]
[SourceTitle "CBM 060"]
[Source "ChessBase"]
[SourceDate "1997.09.29"]
[SourceVersion "1"]
[SourceVersionDate "1997.09.29"]
[SourceQuality "1"]

1. d4 {Meulders} f5 2. g3 Nf6 3. Bg2 g6 4. Nh3 d6 5. Nc3 (5. Nf4 {Meulders} c6
6. h4 e5 7. dxe5 dxe5 8. Qxd8+ Kxd8 9. Nd3 Nbd7 10. Bg5 Be7 11. Nd2 e4 12. Nf4
Ne5 $11 {Eingorn-Dolmatov, Moskva 1990.}) 5... Bg7 6. d5 (6. Nf4 {Meulders} e5
7. dxe5 dxe5 8. Qxd8+ Kxd8 9. Nd3 e4 10. Ne5 $14) 6... c6 7. Nf4 {/\h4-h5} e5
8. dxe6 d5 (8... Qe7 $2 {Meulders} 9. e4 $1 fxe4 10. Nxe4 Nxe4 11. Bxe4 Bxe6
12. O-O O-O 13. Re1 $16) 9. h4 Qe7 10. h5 g5 11. h6 Bf8 12. Nh5 (12. Nd3 {
Meulders} Rg8 $15) (12. Nh3 {Meulders} g4 13. Nf4 Bxe6 $13) (12. Nfxd5 {
Meulders} cxd5 13. Bxg5 Bxe6 14. Nxd5 Bxd5 15. Bxd5 Nc6 $13) 12... Rg8 13.
Nxf6+ Qxf6 14. Bxd5 cxd5 (14... Bxe6 $2 {Meulders} 15. Bxe6 Qxe6 16. e4 Bxh6
17. Qf3 fxe4 18. Qxe4 Rg6 19. Be3 Nd7 20. O-O-O O-O-O 21. Qa4 a6 22. Rxh6 $1
Rxh6 23. Bxg5 $16 {1-0 Kortschnoj,V-Gurevich,M/Rotterdam 1990/CBM 18/[Gurevich]
(44)}) 15. Nxd5 Qd8 16. Qd4 Bxe6 17. Nf6+ Kf7 18. Qxd8 Bb4+ 19. c3 Rxd8 20.
Nxh7 Be7 21. Nxg5+ ({King: In view of the game continuation it would seem
better to play} 21. Bxg5 Nc6 22. Bxe7 Nxe7 23. Ng5+ Kf6 24. f4 {when White can
establish the pawn on h7. Crucially, the knight has found a solid footing on
g5. In this case White has excellent winning chances.   However, after 21 Bxg5
Rh8! is stronger, forcing an ending rather similar to the game.}) 21... Bxg5
22. Bxg5 Rh8 {Bis hierhin sind die Kontrahenten der Analyse von Gurevich in
der oben erwähnten Partie gefolgt. Gurevich betrachtete die Position als
unklar.} 23. O-O-O {Der erste selbständige Zug. Mir kommt es unlogisch vor den
König vom Königsflügel zu entfernen, wo er ganz sicher steht.} (23. f3 $1 {
Meulders} Nd7 24. Kf2 Kg6 25. Be3 b6 26. Rad1 Rac8 27. b3 $1 {und mit 4 Bauern
für die Figur sollte es doch +/- stehen.}) 23... Nd7 24. Rh4 Kg6 25. Rd6 Rae8
26. Be3 Rh7 {King: It is at this point that I feel White makes his first
mistake. It is tempting to swing the rook across to attack the queenside pawns,
but as we shall see, Black's defences remain solid. The principled decision is
to exchange pieces. The theory is quite simple: with fewer pieces on the board,
there is less likelihood of being caught with a knight fork; and White is a
step closer to an ending of a minor piece against four pawns which in most
cases is a win for the pawns (three isn't so clear).} 27. Ra4 {Dies ist nur
ödes Waffengerassel, weil der weiße Turm bald nach der anderen Seite
zurückkehren muß.} (27. Bxa7 $1 Rxh6 28. Rxh6+ Kxh6 29. Bd4 {King: White has
made progress, though even here there is still a long way to go before the win
is in the bag.}) (27. g4 $1 {Meulders} Nf6 (27... fxg4 28. Rxg4+) 28. gxf5+
Bxf5 29. c4 $16) 27... a6 28. Rb4 Ne5 {King: White has run out of things to do
and now finds that the initiative changes hands. The knight probes for
weaknesses and White succumbs.} 29. f3 {King: Weakening the e-pawn, but ...Ng4
was already annoying.} Rhe7 30. Rh4 Nf7 {Durch das planlose weiße Spiel hat
Schwarz seine Stellung erheblich verbessert: Rd6 und Pa2 sind angegriffen und
die schwarze Türme üben einen sehr unangenehmen Druck auf der e-Linie aus.
Schwarz wird sich bald einen Bauer zurückholen und dabei die Initiative
behalten.} 31. Rb6 Kh7 {King: Kings are the best blockaders. The rest of
Black's army can now roam free. Jetzt ist auch noch der weisse Freibauer
zuverlässig blockiert.} 32. Bc5 (32. a3 {Meulders} Bd5) 32... Rc7 33. Bd4 Bxa2
{Weil Weiß seine Bauernmasse nicht aktivieren kann, ist Schwarz völlig am Ball.
} 34. Rh2 Bc4 35. Rf6 (35. Kd2 {King: Wouldn't help:} Rce7 36. e3 Ng5 (36...
Bd5) 37. Rf2 Bd5 {and the pawns are under too much pressure.}) 35... Bxe2 36.
Rxf5 {Jetzt hat Weiß zwar drei (potentiell verbundene )Bauer am Königsflügel,
aber sie sind ungenügend vorgerückt; die schwarze Mehrfigur wiegt daher
schwerer.} Bd3 37. Rf4 Bg6 38. g4 ({King: If White plays} 38. Kd2 {then Black
wheedles his way in with the knight. The opposite coloured bishops make the
attack particularly lethal. Here's a typical variation:} Nd6 39. b3 Nf5 40. g4
Ng3 $1 41. Rf2 Rce7 42. g5 Re2+ 43. Rxe2 Rxe2+ 44. Kc1 Rg2) 38... Re1+ 39. Kd2
Rb1 {Es erweist sich nun umso mehr, daß die lange Rochade keine gute Idee war.
Nur durch das Opfer des c-P kann Weiß der vernichtenden Drohung Rxb2 entgehen.}
40. c4 (40. Ke3 {Meulders} Re7+) 40... Rxc4 {King: It takes some time, but
this really the end for White. The opposite coloured bishops are an enormous
help for Black, even right at the end of the game, when the bishop is able to
protect the last remaining pawn.} 41. Ke3 Rd1 42. Rd2 Rxd2 43. Kxd2 Ng5 44. Be5
(44. Ke3 {Meulders} Ne6) 44... Rxf4 45. Bxf4 Nxf3+ 46. Kc3 Ne1 47. b3 Nd3 48.
Be3 Ne5 49. g5 {Weiß hätte sich ohne Skrupel bereits jetzt von dieser Partie
verabschieden können.} Bf7 50. b4 Nc6 51. Bd2 Kg6 52. Kd3 Bd5 53. Ke3 Bb3 54.
Ke4 Kf7 55. Bc3 Ba2 56. Bd2 Ke6 57. Kd3 Ne5+ 58. Kd4 Bb1 59. Bf4 Nd7 60. Bd2
Kd6 61. Bf4+ Kc6 62. Bg3 Bh7 63. Bf4 Nf8 64. Bd2 Ng6 65. Be1 Kd6 66. Bg3+ Ke6
67. Kc5 Nf8 68. Kb6 Be4 69. g6 Nxg6 70. h7 Kf6 71. b5 axb5 72. Kxb5 Kg7 73. Kb6
Kxh7 74. Bf2 Kg7 75. Bd4+ Kf7 76. Bf2 Ke6 77. Bg1 Kd7 78. Bh2 Kc8 79. Bd6 Nh4
80. Bb4 Nf5 81. Bc5 Kd7 82. Ba3 Nd6 83. Bc5 Nc8+ 84. Kb5 Bd3+ 85. Kb4 Ke6 86.
Bf8 b5 87. Kc3 Bc4 88. Kb4 Nb6 89. Ka5 Nd5 90. Ba3 Kd7 91. Bf8 Ke6 0-1

[Event "Gibraltar Masters 10th"]
[Site "Caleta"]
[Date "2012.01.24"]
[Round "1"]
[White "Molina, Roberto Junio Brito"]
[Black "Mamedyarov, Shakhriyar"]
[Result "0-1"]
[WhiteElo "2415"]
[BlackElo "2747"]
[Annotator "Let's Check"]
[PlyCount "66"]
[EventDate "2012.01.24"]
[EventType "swiss"]
[EventRounds "10"]
[EventCountry "GGB"]
[SourceTitle "CBM 147"]
[Source "ChessBase"]
[SourceDate "2012.03.16"]
[SourceVersion "1"]
[SourceVersionDate "2012.03.16"]
[SourceQuality "1"]

1. d4 g6 2. Nf3 f5 3. g3 Nf6 4. Bg2 Bg7 5. O-O O-O 6. b3 c5 7. e3 Ne4 8. Bb2 d5
9. Qe2 b5 10. Ne5 Ba6 11. Rd1 Qc7 12. f3 Nd6 13. dxc5 Nf7 14. Nd3 Bxb2 15. Nxb2
Qxc5 16. Nd3 Qb6 17. Nb4 e6 18. a4 bxa4 19. Nxa6 Nxa6 20. Rxa4 Nc5 21. Ra1 Nd6
22. Qf2 Rac8 23. Bf1 g5 24. Rd4 a5 25. Qd2 f4 26. gxf4 gxf4 27. b4 Nd7 28. bxa5
Qa7 $2 (28... Qb2 29. Ra3 Qxb1 $19) 29. Bh3 $6 (29. Raa4 Ne5 30. Kh1 $15) 29...
Kh8 $19 30. Kh1 Ne5 31. Qe2 fxe3 32. Qxe3 Nxf3 33. Rd3 Rxc2 $1 0-1